| 000 | 00510nam a2200169 i 4500 | ||
|---|---|---|---|
| 001 | 49420 | ||
| 003 | ES-MaACL | ||
| 005 | 20230906161943.0 | ||
| 007 | t| | ||
| 008 | 030715s1964 sp ||||1| cat d | ||
| 100 | 1 |
_aCos Canals, Rafael. _940976 |
|
| 245 | 1 | 0 |
_aIlles Balears _b: turisme / _cRafael Cos Canals ; fotografies, Catalá Roca. |
| 260 |
_aBarcelona : _bAlcides, _c[1964] |
||
| 300 |
_a128 p., 12 lám. ; _c17 cm. |
||
| 700 | 1 |
_aCatalà-Roca, Francesc. _937014 |
|
| 852 |
_aES-MaACL _jC-25750 _bR.54451 |
||
| 999 |
_c49420 _d49420 |
||